Israeli Food - Statistics

General Stats
  • This quiz has been taken 29 times
  • The average score is 7 of 16
Answer Stats
Picture Answer % Correct
Hummus
85%
Falafel
69%
Pomegranate
69%
Pita
62%
Israeli Salad
54%
Tehina
54%
Schnitzel
50%
Shakshuka
50%
Shawarma
46%
Bamba
38%
Za'atar
38%
Baba Ghanoush
35%
Halva
27%
Sabich
23%
Labneh
19%
Bourekas
15%
No matching quizzes found
Score Distribution
Percent of People with Each Score
Percentile by Number Answered
Your Score History
You have not taken this quiz